Statistics for D1 NCAA Basketball Teams That Have Never Made The NCAA Tournament

Click here to take the quiz!

General Stats

  • This quiz has been taken 109 times
    (84 since last reset)
  • The average score is 11 of 39

Answer Stats

College% Correct
Maine
46%
Army
44%
New Hampshire
42%
South Dakota
42%
The Citadel
42%
Fort Wayne
38%
Stetson
38%
Omaha
36%
Elon
34%
NJIT
34%
William & Mary
34%
Youngstown State
34%
Chicago State
30%
Saint Francis (NY)
30%
UT Martin
30%
Denver
28%
Hartford
28%
Kennesaw State
28%
Longwood
26%
Sacred Heart
26%
UMKC
26%
UT-Rio Grande Valley
26%
Bethune-Cookman
24%
Bryant
24%
Presbyterian
24%
Quinnipiac
24%
SIU-Edwardsville
24%
Grambling State
22%
High Point
22%
Maryland-Eastern Shore
22%
Sacramento State
22%
USC-Upstate
22%
Central Arkansas
20%
Lipscomb
20%
Western Illinois
20%
Gardner-Webb
16%
UC Riverside
14%
Utah Valley State
14%
Savannah State
10%

Score Distribution

Percentile by Number Answered

Percent of People with Each Score

Your Score History

You have not taken this quiz since the last reset